000 00795cam a22002533a 4500
001 15723
003 PGUSA
005 20140828083333.0
008 050428s2005||||xxu|||||s|||||000 1 eng d
040 _aPGUSA
_beng
042 _adc
050 4 _aPZ
100 1 _aStratemeyer, Edward,
_d1862-1930
245 1 4 _aThe Rover Boys on Treasure Isle :
_bOr, The Strange Cruise of the Steam Yacht
_h[electronic resource] /
_cEdward Stratemeyer
260 _bProject Gutenberg,
_c2005
506 _aPublic domain in the USA.
516 _aElectronic text
653 _aBrothers -- Juvenile fiction
653 _aTreasure troves -- Juvenile fiction
653 _aYachts -- Juvenile fiction
830 0 _aProject Gutenberg
_v15723
856 4 0 _uhttp://www.gutenberg.org/ebooks/15723
942 _cEB
999 _c244978
_d244978